Προέλευση κοπρανώδους μόλυνσης και ποσοτική ανάλυση συγκεντρώσεων κοπρανώδων στρεπτόκοκκων και εντερόκοκκων σε νερά χειμάρρων ευρύτερης περιοχής Μυτιλήνης : διπλωματική εργασία

Αποθηκεύτηκε σε:
Λεπτομέρειες βιβλιογραφικής εγγραφής
Κύριος συγγραφέας: Χατζησταματίου, Μενέλαος
Συγγραφή απο Οργανισμό/Αρχή: Πανεπιστήμιο Αιγαίου Σχολή Περιβάλλοντος Τμήμα Επιστημών της Θάλασσας
Άλλοι συγγραφείς: Ευστρατίου, Μαρία-Αδαμαντία (dgsf [Επιβλέπουσα καθηγήτρια])
Μορφή: Thesis Βιβλίο
Γλώσσα:Greek
Δημοσίευση: 2008.
Θέματα:
Διαθέσιμο Online:http://hdl.handle.net/11610/7440
Ετικέτες: Προσθήκη ετικέτας
Δεν υπάρχουν, Καταχωρήστε ετικέτα πρώτοι!

MARC

LEADER 00000cam a2200000 i 4500
001 1/106088
008 090612s2008 gre d
035 |l 10105073 
040 |a GR-MY-UA  |b gre  |e aacr 
041 0 |a gre 
082 0 |a 577.64  |2 (22) 
100 1 |a Χατζησταματίου, Μενέλαος. 
245 1 0 |a Προέλευση κοπρανώδους μόλυνσης και ποσοτική ανάλυση συγκεντρώσεων κοπρανώδων στρεπτόκοκκων και εντερόκοκκων σε νερά χειμάρρων ευρύτερης περιοχής Μυτιλήνης :   |b διπλωματική εργασία /   |c Χατζησταματίου Μ. ; επιβλέπουσα καθηγήτρια: Ευστρατίου Μ. Α.  
260 |c 2008.  
300 |a 75 σ. :   |b πιν., εικ. ;   |c 30 εκ.  
502 |a Πτυχιακή εργασία - Πανεπιστήμιο Αιγαίου, Λέσβος, 2008.  
504 |a Περιέχει βιβλιογραφία.  
650 0 |a Water  |x Pollution  |z Greece  |z Mytilene (Lesbos) 
650 0 |a Rivers  |z Greece  |z Mytilene (Lesbos) 
650 0 0 |a Microbiology  |x Research. 
650 0 |a Stream ecology  |z Greece  |z Mytilene (Lesbos) 
650 0 0 |a Hyporheic zones. 
650 0 0 |a Dissertations, Academic  |z Greece. 
700 1 |a Ευστρατίου, Μαρία-Αδαμαντία,  |e dgsf [Επιβλέπουσα καθηγήτρια] 
710 2 |a Πανεπιστήμιο Αιγαίου  |b Σχολή Περιβάλλοντος  |b Τμήμα Επιστημών της Θάλασσας. 
852 |a INST  |b LESVOS  |c DIATR  |e 20090612  |h 329  |p 005100045558  |q 005100045558  |t DIE  |y 23 
852 |a INST  |b LESVOS  |c DIATR  |e 20090612  |h 330  |p 005100045559  |q 005100045559  |t DIE  |y 23 
856 |u http://hdl.handle.net/11610/7440 
901 |a BIBL1-2009-2 
909 |a Λ  |b 137674 
909 |a Λ  |b 137675 
924 |a ΧΑΤΖΗΣΤΑΜΑΤΙΟΥ  |b ΜΕΝΕΛΑΟΣ  |y ΛΕΣΒΟΣ  |z 2008-03 
970 |a ΤΖΑΦΕΡΗ  |b ΕΥΑΓΓΕΛΙΑ  |z 2009/06/12